High school english grammar and composition (Record no. 8109)

MARC details
000 -LEADER
fixed length control field 00490cam a2200205ua 4500
001 - CONTROL NUMBER
control field 9026
005 - DATE AND TIME OF LATEST TRANSACTION
control field 20260515114421.0
008 - FIXED-LENGTH DATA ELEMENTS--GENERAL INFORMATION
fixed length control field 150220n ii |||gr||||Z||||||eng
020 ## - INTERNATIONAL STANDARD BOOK NUMBER
International Standard Book Number 8121900093
040 ## - CATALOGING SOURCE
Transcribing agency MAIN
041 ## - LANGUAGE CODE
Language code of text/sound track or separate title eng
082 ## - DEWEY DECIMAL CLASSIFICATION NUMBER
Classification number 425
100 ## - MAIN ENTRY--PERSONAL NAME
Personal name Wren, P. C.,
Relator term Author.
245 1# - TITLE STATEMENT
Title High school english grammar and composition
Statement of responsibility, etc. By P. C. Wren
250 ## - EDITION STATEMENT
Edition statement 1st.
260 ## - PUBLICATION, DISTRIBUTION, ETC.
Place of publication, distribution, etc. New Delhi:
Name of publisher, distributor, etc. S. Chand,
Date of publication, distribution, etc. 2012.
300 ## - PHYSICAL DESCRIPTION
Extent 376p.
653 ## - INDEX TERM--UNCONTROLLED
Uncontrolled term English grammar
942 ## - ADDED ENTRY ELEMENTS (KOHA)
Koha item type Books
Holdings
Withdrawn status Lost status Damaged status Not for loan Home library Current library Shelving location Date acquired Total checkouts Full call number Barcode Date last seen Date last checked out Copy number Price effective from Koha item type
        Naharkatiya College Library Naharkatiya College Library General stacks 09/19/2020 6 425 | WRE 22238 03/17/2026 03/17/2026 1 09/19/2020 Books